[Event "Team Championship Russia (Blitz, Men)"]
[Site "Sochi"]
[Date "2018.10.10"]
[Round "1.25"]
[White "Sychev, Klementy"]
[Black "Ponomarenko, Alexandr"]
[Result "1-0"]
[BlackElo "2179"]
[WhiteElo "2638"]
[LiveChessVersion "1.4.8"]

1. e4 {[%clk 0:03:03]} c5 {[%clk 0:03:01]} 2. Nf3 {[%clk 0:03:04]} Nc6
{[%clk 0:03:01]} 3. d4 {[%clk 0:03:05]} cxd4 {[%clk 0:03:02]} 4. Nxd4
{[%clk 0:03:06]} Nf6 {[%clk 0:03:02]} 5. Nc3 {[%clk 0:03:07]} e5 {[%clk 0:02:57]}
6. Ndb5 {[%clk 0:03:08]} d6 {[%clk 0:02:58]} 7. Bg5 {[%clk 0:03:08]} a6
{[%clk 0:02:58]} 8. Na3 {[%clk 0:03:09]} b5 {[%clk 0:02:59]} 9. Bxf6
{[%clk 0:03:10]} gxf6 {[%clk 0:03:00]} 10. Nd5 {[%clk 0:03:11]} f5
{[%clk 0:03:01]} 11. g3 {[%clk 0:03:13]} Bg7 {[%clk 0:02:56]} 12. Bg2
{[%clk 0:03:11]} O-O {[%clk 0:02:48]} 13. exf5 {[%clk 0:03:11]} Bxf5
{[%clk 0:02:37]} 14. Ne3 {[%clk 0:03:12]} Bd7 {[%clk 0:01:41]} 15. Qxd6
{[%clk 0:03:12]} Rc8 {[%clk 0:01:42]} 16. Rd1 {[%clk 0:02:45]} Be8
{[%clk 0:01:11]} 17. Qxd8 {[%clk 0:02:34]} Rxd8 {[%clk 0:00:58]} 18. O-O
{[%clk 0:02:33]} Nd4 {[%clk 0:00:39]} 19. c3 {[%clk 0:02:31]} Ne6
{[%clk 0:00:40]} 20. Nf5 {[%clk 0:02:27]} Bf6 {[%clk 0:00:37]} 21. Nc2
{[%clk 0:02:23]} Bd7 {[%clk 0:00:25]} 22. Nce3 {[%clk 0:02:05]} Nc7
{[%clk 0:00:27]} 23. Ng4 {[%clk 0:01:47]} Bxf5 {[%clk 0:00:17]} 24. Nh6+
{[%clk 0:01:41]} Kh8 {[%clk 0:00:17]} 25. Nxf5 {[%clk 0:01:41]} Ne6
{[%clk 0:00:17]} 26. Bd5 {[%clk 0:01:27]} Nc7 {[%clk 0:00:16]} 27. Bb3
{[%clk 0:01:26]} h5 {[%clk 0:00:14]} 28. h4 {[%clk 0:01:19]} Kh7 {[%clk 0:00:15]}
29. Nd6 {[%clk 0:01:14]} Kg6 {[%clk 0:00:14]} 30. Bc2+ {[%clk 0:01:10]} Kg7
{[%clk 0:00:15]} 31. Rd2 {[%clk 0:01:08]} Ne8 {[%clk 0:00:13]} 32. Nf5+
{[%clk 0:01:08]} Kg8 {[%clk 0:00:14]} 33. Rxd8 {[%clk 0:01:08]} Bxd8
{[%clk 0:00:16]} 34. Rd1 {[%clk 0:01:09]} Bf6 {[%clk 0:00:17]} 35. Rd7
{[%clk 0:01:01]} Ng7 {[%clk 0:00:18]} 36. Nh6+ {[%clk 0:01:01]} Kh7
{[%clk 0:00:19]} 1-0

[Event "Team Championship Russia (Blitz, Men)"]
[Site "Sochi"]
[Date "2018.10.10"]
[Round "1.26"]
[White "Dulenko, Maxim"]
[Black "Demidov, Mikhail"]
[Result "0-1"]
[BlackElo "2522"]
[WhiteElo "2237"]
[LiveChessVersion "1.4.8"]

1. e4 {[%clk 0:03:02]} e6 {[%clk 0:03:01]} 2. d4 {[%clk 0:03:03]} d5
{[%clk 0:03:03]} 3. e5 {[%clk 0:03:04]} c5 {[%clk 0:03:03]} 4. c3
{[%clk 0:03:05]} Ne7 {[%clk 0:03:04]} 5. Nf3 {[%clk 0:03:07]} Nec6
{[%clk 0:03:06]} 6. a3 {[%clk 0:02:54]} a5 {[%clk 0:03:07]} 7. Bd3
{[%clk 0:02:50]} b6 {[%clk 0:03:08]} 8. O-O {[%clk 0:02:47]} Ba6 {[%clk 0:03:08]}
9. Be3 {[%clk 0:02:23]} Be7 {[%clk 0:03:09]} 10. Bxa6 {[%clk 0:02:06]} Nxa6
{[%clk 0:03:09]} 11. Nbd2 {[%clk 0:02:08]} O-O {[%clk 0:03:07]} 12. Rc1
{[%clk 0:01:50]} c4 {[%clk 0:03:04]} 13. g3 {[%clk 0:01:36]} b5 {[%clk 0:03:04]}
14. h4 {[%clk 0:01:35]} b4 {[%clk 0:03:00]} 15. axb4 {[%clk 0:01:35]} axb4
{[%clk 0:03:01]} 16. Bg5 {[%clk 0:01:35]} Nc7 {[%clk 0:02:59]} 17. Bxe7
{[%clk 0:01:34]} Qxe7 {[%clk 0:03:00]} 18. Qe2 {[%clk 0:01:29]} Ra2
{[%clk 0:02:57]} 19. Rb1 {[%clk 0:01:11]} Rfa8 {[%clk 0:02:48]} 20. Qe3
{[%clk 0:01:11]} h6 {[%clk 0:02:41]} 21. Rfc1 {[%clk 0:01:12]} Nb5
{[%clk 0:02:31]} 22. Kg2 {[%clk 0:01:06]} bxc3 {[%clk 0:02:08]} 23. bxc3
{[%clk 0:01:06]} Na3 {[%clk 0:02:08]} 24. Rb6 {[%clk 0:00:55]} Qc7
{[%clk 0:02:09]} 25. Rxc6 Qxc6 {[%clk 0:02:10]} 26. Ne1 {[%clk 0:00:40]} Nb5
{[%clk 0:02:03]} 27. Nc2 {[%clk 0:00:39]} Qd7 {[%clk 0:01:57]} 28. Nb4
{[%clk 0:00:38]} Ra1 {[%clk 0:01:56]} 29. Nb1 {[%clk 0:00:37]} Na7
{[%clk 0:01:36]} 30. Nc2 {[%clk 0:00:38]} Ra4 {[%clk 0:01:34]} 31. h5
{[%clk 0:00:34]} Nc6 {[%clk 0:01:32]} 32. g4 {[%clk 0:00:32]} Qe7
{[%clk 0:01:33]} 33. Nd2 {[%clk 0:00:28]} Qg5 {[%clk 0:01:27]} 34. Qe2
{[%clk 0:00:10]} Ra2 {[%clk 0:01:24]} 35. Kg3 {[%clk 0:00:08]} f5
{[%clk 0:01:14]} 36. exf6 {[%clk 0:00:08]} Qxf6 {[%clk 0:01:15]} 37. f4
{[%clk 0:00:09]} Rb2 {[%clk 0:01:10]} 38. Nf3 {[%clk 0:00:10]} Raa2
{[%clk 0:01:10]} 39. Qd1 {[%clk 0:00:10]} Na5 {[%clk 0:01:06]} 40. Ne3
{[%clk 0:00:11]} Nb3 {[%clk 0:00:57]} 41. Rb1 {[%clk 0:00:13]} Re2
{[%clk 0:00:57]} 42. Qg1 {[%clk 0:00:12]} Rf2 {[%clk 0:00:35]} 43. Rf1
{[%clk 0:00:12]} Rxf1 {[%clk 0:00:34]} 44. Qxf1 {[%clk 0:00:13]} Qf8
{[%clk 0:00:26]} 45. Qb1 {[%clk 0:00:14]} Ra1 {[%clk 0:00:24]} 46. Qg6
{[%clk 0:00:15]} Qf7 {[%clk 0:00:22]} 47. Qc2 {[%clk 0:00:15]} Ra8
{[%clk 0:00:19]} 48. Ne5 {[%clk 0:00:16]} Qf6 {[%clk 0:00:19]} 49. Ng2
{[%clk 0:00:16]} Qf8 {[%clk 0:00:14]} 50. Nd7 {[%clk 0:00:17]} Qd6
{[%clk 0:00:15]} 51. Ne5 {[%clk 0:00:18]} Qd8 {[%clk 0:00:16]} 52. Qg6
{[%clk 0:00:20]} Qe8 {[%clk 0:00:16]} 53. Qc2 {[%clk 0:00:21]} Na5
{[%clk 0:00:17]} 54. Nh4 {[%clk 0:00:22]} Nc6 {[%clk 0:00:17]} 55. Nhf3
{[%clk 0:00:23]} Nd8 {[%clk 0:00:17]} 56. Kh4 {[%clk 0:00:22]} Nf7
{[%clk 0:00:16]} 57. g5 {[%clk 0:00:24]} Nd6 {[%clk 0:00:16]} 58. gxh6
{[%clk 0:00:24]} Nf5+ {[%clk 0:00:17]} 59. Kg4 {[%clk 0:00:24]} Nxh6+
{[%clk 0:00:18]} 60. Kg3 {[%clk 0:00:26]} 0-1

[Event "Team Championship Russia (Blitz, Men)"]
[Site "Sochi"]
[Date "2018.10.10"]
[Round "1.27"]
[White "Kozionov, Kirill"]
[Black "Mamedov, Elmin"]
[Result "1-0"]
[BlackElo "2184"]
[WhiteElo "2442"]
[LiveChessVersion "1.4.8"]

1. d4 {[%clk 0:03:03]} Nf6 {[%clk 0:03:03]} 2. c4 {[%clk 0:03:05]} c5
{[%clk 0:03:02]} 3. d5 {[%clk 0:03:06]} e6 {[%clk 0:03:03]} 4. Nc3
{[%clk 0:03:07]} exd5 {[%clk 0:03:03]} 5. cxd5 {[%clk 0:03:08]} d6
{[%clk 0:03:05]} 6. Nf3 {[%clk 0:03:09]} g6 {[%clk 0:03:05]} 7. Bf4
{[%clk 0:03:10]} a6 {[%clk 0:03:00]} 8. Nd2 {[%clk 0:03:11]} b5 {[%clk 0:02:54]}
9. a4 {[%clk 0:03:12]} b4 {[%clk 0:02:54]} 10. Nce4 {[%clk 0:03:13]} Nxe4
{[%clk 0:02:49]} 11. Nxe4 {[%clk 0:03:14]} Be7 {[%clk 0:02:37]} 12. e3
{[%clk 0:03:07]} f5 {[%clk 0:02:30]} 13. Nd2 {[%clk 0:02:40]} O-O
{[%clk 0:02:29]} 14. Bh6 {[%clk 0:02:29]} Re8 {[%clk 0:02:24]} 15. Nc4
{[%clk 0:02:21]} Nd7 {[%clk 0:02:21]} 16. a5 {[%clk 0:02:16]} Nf6
{[%clk 0:02:11]} 17. Be2 {[%clk 0:02:10]} Bb7 {[%clk 0:02:04]} 18. Bf3
{[%clk 0:01:56]} Bf8 {[%clk 0:01:59]} 19. Bf4 {[%clk 0:01:14]} Ne4
{[%clk 0:01:48]} 20. h4 {[%clk 0:01:14]} Qf6 {[%clk 0:01:24]} 21. Qd3
{[%clk 0:01:10]} Rad8 {[%clk 0:01:11]} 22. Rd1 {[%clk 0:00:58]} h6
{[%clk 0:00:47]} 23. Kf1 {[%clk 0:00:48]} g5 {[%clk 0:00:37]} 24. hxg5
{[%clk 0:00:36]} hxg5 {[%clk 0:00:38]} 25. Bh2 {[%clk 0:00:37]} g4
{[%clk 0:00:34]} 26. Bxe4 {[%clk 0:00:37]} fxe4 {[%clk 0:00:26]} 27. Qe2
{[%clk 0:00:34]} Bc8 {[%clk 0:00:27]} 28. Bg3 {[%clk 0:00:32]} Bg7
{[%clk 0:00:24]} 29. Kg1 {[%clk 0:00:33]} Rd7 {[%clk 0:00:19]} 30. Rd2
{[%clk 0:00:26]} Rf7 {[%clk 0:00:19]} 31. Nxd6 {[%clk 0:00:23]} Ref8
{[%clk 0:00:16]} 32. Nxf7 {[%clk 0:00:19]} Rxf7 {[%clk 0:00:17]} 33. d6
{[%clk 0:00:19]} Bd7 {[%clk 0:00:18]} 34. Qxa6 {[%clk 0:00:18]} Qe6
{[%clk 0:00:17]} 35. Qa8+ {[%clk 0:00:16]} Bf8 {[%clk 0:00:14]} 36. a6
{[%clk 0:00:10]} Qa2 {[%clk 0:00:12]} 37. Rd1 {[%clk 0:00:07]} Qxb2
{[%clk 0:00:09]} 38. Qxe4 {[%clk 0:00:06]} Bf5 {[%clk 0:00:10]} 39. Qe5
{[%clk 0:00:05]} Qxe5 {[%clk 0:00:06]} 40. Bxe5 {[%clk 0:00:06]} Bc8
{[%clk 0:00:07]} 41. Rh8# {[%clk 0:00:06]} 1-0

[Event "Team Championship Russia (Blitz, Men)"]
[Site "Sochi"]
[Date "2018.10.10"]
[Round "1.28"]
[White "Tereshechkina, Maya"]
[Black "Apryshko, Gleb"]
[Result "1-0"]
[BlackElo "2440"]
[WhiteElo "1991"]
[LiveChessVersion "1.4.8"]

1. d4 {[%clk 0:03:03]} b6 {[%clk 0:03:03]} 2. Nf3 {[%clk 0:03:03]} Bb7
{[%clk 0:03:04]} 3. c4 {[%clk 0:03:04]} e6 {[%clk 0:03:02]} 4. Nc3
{[%clk 0:03:03]} g6 {[%clk 0:02:59]} 5. e4 {[%clk 0:02:52]} Bg7 {[%clk 0:03:00]}
6. Bg5 {[%clk 0:02:46]} Ne7 {[%clk 0:03:00]} 7. Be2 {[%clk 0:02:44]} h6
{[%clk 0:02:59]} 8. Be3 {[%clk 0:02:45]} d6 {[%clk 0:02:59]} 9. O-O
{[%clk 0:02:45]} Nd7 {[%clk 0:02:59]} 10. Qd2 {[%clk 0:02:45]} f5
{[%clk 0:02:59]} 11. exf5 {[%clk 0:02:13]} Nxf5 {[%clk 0:02:51]} 12. d5
{[%clk 0:02:12]} exd5 {[%clk 0:02:43]} 13. Nxd5 {[%clk 0:02:06]} Nf6
{[%clk 0:02:44]} 14. Nf4 {[%clk 0:02:04]} Ne4 {[%clk 0:02:41]} 15. Qc2
{[%clk 0:01:56]} Nxe3 {[%clk 0:00:53]} 16. fxe3 {[%clk 0:01:57]} O-O
{[%clk 0:00:39]} 17. Ne6 {[%clk 0:01:51]} Qe7 {[%clk 0:00:41]} 18. Nxf8
{[%clk 0:01:51]} Rxf8 {[%clk 0:00:42]} 19. Bd3 {[%clk 0:01:44]} Re8
{[%clk 0:00:34]} 20. Rae1 {[%clk 0:01:45]} a5 {[%clk 0:00:32]} 21. Nd2
{[%clk 0:01:38]} Nxd2 {[%clk 0:00:27]} 22. Qxd2 {[%clk 0:01:39]} Qg5
{[%clk 0:00:27]} 23. Qf2 {[%clk 0:01:19]} Re7 {[%clk 0:00:27]} 24. Qg3
{[%clk 0:01:07]} Qxg3 {[%clk 0:00:23]} 25. hxg3 {[%clk 0:01:08]} Bxb2
{[%clk 0:00:18]} 26. Bxg6 {[%clk 0:01:07]} Rg7 {[%clk 0:00:20]} 27. Bf5
{[%clk 0:00:56]} Rxg3 {[%clk 0:00:17]} 28. Re2 {[%clk 0:00:54]} Be5
{[%clk 0:00:18]} 29. e4 {[%clk 0:00:45]} Kg7 {[%clk 0:00:16]} 30. Rf3
{[%clk 0:00:42]} Rg5 {[%clk 0:00:18]} 31. Kf1 {[%clk 0:00:36]} Bc6
{[%clk 0:00:14]} 32. Be6 {[%clk 0:00:28]} Be8 {[%clk 0:00:16]} 33. Rf5
{[%clk 0:00:26]} Rg3 {[%clk 0:00:16]} 34. Rf3 {[%clk 0:00:25]} Rg5
{[%clk 0:00:18]} 35. Rf5 {[%clk 0:00:26]} Rg3 {[%clk 0:00:13]} 36. Rf3
{[%clk 0:00:27]} Rg5 {[%clk 0:00:14]} 37. Rf5 {[%clk 0:00:29]} Rg6
{[%clk 0:00:16]} 38. Bc8 b5 39. c5 {[%clk 0:00:15]} b4 {[%clk 0:00:18]} 40. cxd6
{[%clk 0:00:15]} Bxd6 {[%clk 0:00:13]} 41. Re3 Bf7 {[%clk 0:00:08]} 42. Bb7
{[%clk 0:00:12]} Bxa2 {[%clk 0:00:09]} 43. Bd5 {[%clk 0:00:12]} Bxd5
{[%clk 0:00:09]} 44. exd5 {[%clk 0:00:13]} Rg4 {[%clk 0:00:05]} 45. Ref3
{[%clk 0:00:14]} Kg6 {[%clk 0:00:04]} 46. Rf6+ {[%clk 0:00:15]} Kg5
{[%clk 0:00:04]} 47. R3f5+ {[%clk 0:00:14]} Kh4 {[%clk 0:00:00]} 48. Rxh6+
{[%clk 0:00:14]} 1-0

[Event "Team Championship Russia (Blitz, Men)"]
[Site "Sochi"]
[Date "2018.10.10"]
[Round "1.29"]
[White "Girshgorn, Leonid"]
[Black "Paravyan, David"]
[Result "0-1"]
[BlackElo "2634"]
[WhiteElo "2242"]
[LiveChessVersion "1.4.8"]

1. d4 {[%clk 0:03:03]} d5 {[%clk 0:03:02]} 2. c4 {[%clk 0:03:04]} c6
{[%clk 0:03:03]} 3. Nc3 {[%clk 0:03:05]} Nf6 {[%clk 0:03:04]} 4. Nf3
{[%clk 0:03:06]} dxc4 {[%clk 0:03:05]} 5. a4 {[%clk 0:03:07]} Bf5
{[%clk 0:03:06]} 6. Nh4 {[%clk 0:03:08]} Bg4 {[%clk 0:02:50]} 7. h3
{[%clk 0:03:08]} Bh5 {[%clk 0:02:52]} 8. g4 {[%clk 0:03:08]} Bg6 {[%clk 0:02:53]}
9. Nxg6 {[%clk 0:03:07]} hxg6 {[%clk 0:02:54]} 10. e3 {[%clk 0:02:53]} e6
{[%clk 0:02:54]} 11. Bxc4 {[%clk 0:02:53]} a5 {[%clk 0:02:55]} 12. O-O
{[%clk 0:02:48]} Rxh3 {[%clk 0:02:52]} 13. Kg2 {[%clk 0:02:47]} Rh4
{[%clk 0:02:52]} 14. f3 {[%clk 0:02:29]} Na6 {[%clk 0:02:34]} 15. e4
{[%clk 0:02:21]} Nb4 {[%clk 0:02:34]} 16. Bg5 {[%clk 0:02:15]} Rh8
{[%clk 0:02:28]} 17. e5 {[%clk 0:02:04]} Qc7 {[%clk 0:02:26]} 18. Rh1
{[%clk 0:01:57]} Rxh1 {[%clk 0:02:18]} 19. Qxh1 {[%clk 0:01:58]} Nfd5
{[%clk 0:02:03]} 20. Ne4 {[%clk 0:01:52]} Kd7 {[%clk 0:01:54]} 21. Qh8
{[%clk 0:01:45]} Re8 {[%clk 0:01:52]} 22. Qg8 {[%clk 0:01:21]} Be7
{[%clk 0:00:55]} 23. Qxf7 {[%clk 0:01:08]} b6 {[%clk 0:00:56]} 24. Qxg7
{[%clk 0:00:45]} Kc8 {[%clk 0:00:33]} 25. Qxg6 {[%clk 0:00:41]} Qd7
{[%clk 0:00:35]} 26. Rh1 {[%clk 0:00:16]} Nc2 {[%clk 0:00:30]} 27. Bxd5
{[%clk 0:00:08]} exd5 {[%clk 0:00:20]} 28. Nf6 {[%clk 0:00:05]} Bxf6
{[%clk 0:00:18]} 29. Bxf6 {[%clk 0:00:05]} Qe6 {[%clk 0:00:07]} 30. Rh7
{[%clk 0:00:05]} Rg8 {[%clk 0:00:09]} 31. Qf7 {[%clk 0:00:03]} Rxg4+
{[%clk 0:00:05]} 32. Kf2 {[%clk 0:00:03]} Qxf7 {[%clk 0:00:04]} 33. Rxf7
{[%clk 0:00:04]} Rf4 {[%clk 0:00:04]} 34. Rf8+ {[%clk 0:00:05]} Kd7
{[%clk 0:00:05]} 35. Rf7+ {[%clk 0:00:05]} Ke6 {[%clk 0:00:04]} 36. Re7+
{[%clk 0:00:03]} Kf5 {[%clk 0:00:05]} 37. Rb7 {[%clk 0:00:03]} Nxd4
{[%clk 0:00:05]} 38. Rxb6 Rxf3+ {[%clk 0:00:05]} 39. Kg2 {[%clk 0:00:06]} Rb3
{[%clk 0:00:04]} 40. Ra6 {[%clk 0:00:04]} Rxb2+ {[%clk 0:00:05]} 41. Kg3
{[%clk 0:00:06]} Rb3+ {[%clk 0:00:05]} 42. Kf2 {[%clk 0:00:06]} c5
{[%clk 0:00:03]} 43. Rxa5 {[%clk 0:00:07]} Ne6 {[%clk 0:00:04]} 44. Ra6
{[%clk 0:00:05]} Ra3 {[%clk 0:00:04]} 45. Ke2 {[%clk 0:00:04]} c4
{[%clk 0:00:04]} 46. Kd2 {[%clk 0:00:05]} d4 {[%clk 0:00:05]} 47. a5
{[%clk 0:00:04]} Ra2+ {[%clk 0:00:06]} 48. Kc1 {[%clk 0:00:05]} Nc5
{[%clk 0:00:07]} 49. Rc6 {[%clk 0:00:06]} Nb3+ {[%clk 0:00:07]} 50. Kb1
{[%clk 0:00:08]} Rxa5 {[%clk 0:00:07]} 51. Rxc4 {[%clk 0:00:09]} Nd2+
{[%clk 0:00:08]} 0-1

[Event "Team Championship Russia (Blitz, Men)"]
[Site "Sochi"]
[Date "2018.10.10"]
[Round "1.30"]
[White "Antipov, Mikhail Al."]
[Black "Tsvetkov, Andrey"]
[Result "1-0"]
[BlackElo "2215"]
[WhiteElo "2491"]
[LiveChessVersion "1.4.8"]

1. e4 {[%clk 0:03:03]} c5 {[%clk 0:03:04]} 2. Nf3 {[%clk 0:03:05]} d6
{[%clk 0:03:05]} 3. d4 {[%clk 0:03:06]} cxd4 4. Nxd4 {[%clk 0:03:07]} Nf6
{[%clk 0:03:08]} 5. Nc3 {[%clk 0:03:08]} a6 6. h3 e5 {[%clk 0:03:11]} 7. Nde2
{[%clk 0:03:10]} b5 {[%clk 0:03:12]} 8. g4 {[%clk 0:03:06]} b4 {[%clk 0:03:13]}
9. Nd5 {[%clk 0:03:07]} Nxd5 {[%clk 0:03:14]} 10. Qxd5 {[%clk 0:03:05]} Ra7
{[%clk 0:03:15]} 11. Be3 {[%clk 0:02:53]} Be6 {[%clk 0:03:16]} 12. Qd2
{[%clk 0:02:50]} Rd7 {[%clk 0:03:15]} 13. Qxb4 {[%clk 0:02:23]} d5
{[%clk 0:03:14]} 14. Qa4 {[%clk 0:02:24]} d4 {[%clk 0:02:36]} 15. Bd2
{[%clk 0:02:25]} Be7 {[%clk 0:02:37]} 16. O-O-O {[%clk 0:02:10]} O-O
{[%clk 0:02:36]} 17. f4 {[%clk 0:02:02]} f6 {[%clk 0:02:21]} 18. Ng3
{[%clk 0:01:28]} g6 {[%clk 0:01:35]} 19. Bc4 {[%clk 0:01:22]} Bxc4
{[%clk 0:01:25]} 20. Qxc4+ {[%clk 0:01:23]} Kg7 {[%clk 0:01:26]} 21. f5
{[%clk 0:01:17]} Qb6 {[%clk 0:01:15]} 22. Rhg1 {[%clk 0:00:36]} Rb7
{[%clk 0:01:03]} 23. b3 {[%clk 0:00:33]} Rc7 {[%clk 0:00:58]} 24. Qd3
{[%clk 0:00:12]} Rfc8 {[%clk 0:00:41]} 25. Kb1 {[%clk 0:00:11]} Nc6
{[%clk 0:00:31]} 26. fxg6 {[%clk 0:00:06]} hxg6 {[%clk 0:00:31]} 27. g5
{[%clk 0:00:06]} fxg5 {[%clk 0:00:19]} 28. Rdf1 {[%clk 0:00:05]} Nb4
{[%clk 0:00:16]} 29. Bxb4 {[%clk 0:00:06]} Qxb4 {[%clk 0:00:17]} 30. Rg2
{[%clk 0:00:04]} Qa3 {[%clk 0:00:12]} 31. Nf5+ {[%clk 0:00:03]} gxf5 32. Rxf5
{[%clk 0:00:05]} Rc6 {[%clk 0:00:09]} 33. h4 {[%clk 0:00:05]} Rh6
{[%clk 0:00:09]} 34. Qg3 {[%clk 0:00:06]} Qd6 {[%clk 0:00:06]} 35. a4
{[%clk 0:00:05]} Rg6 {[%clk 0:00:05]} 36. h5 {[%clk 0:00:05]} Rh6
{[%clk 0:00:06]} 37. Rxg5+ {[%clk 0:00:06]} Kf7 {[%clk 0:00:04]} 38. Rg8
{[%clk 0:00:05]} 1-0

[Event "Team Championship Russia (Blitz, Men)"]
[Site "Sochi"]
[Date "2018.10.10"]
[Round "1.31"]
[White "Mochalin, Faddey"]
[Black "Yuffa, Daniil"]
[Result "1-0"]
[BlackElo "2470"]
[WhiteElo "1886"]
[LiveChessVersion "1.4.8"]

1. d4 {[%clk 0:03:03]} Nf6 {[%clk 0:03:02]} 2. c4 {[%clk 0:03:04]} c5
{[%clk 0:03:01]} 3. d5 {[%clk 0:03:05]} g6 {[%clk 0:03:02]} 4. Nc3
{[%clk 0:03:06]} Bg7 {[%clk 0:03:03]} 5. e4 {[%clk 0:03:07]} d6 {[%clk 0:03:04]}
6. Nf3 {[%clk 0:03:02]} O-O {[%clk 0:03:04]} 7. h3 {[%clk 0:03:02]} e6
{[%clk 0:03:03]} 8. Bd3 {[%clk 0:03:01]} Na6 {[%clk 0:03:00]} 9. O-O
{[%clk 0:02:59]} Nc7 {[%clk 0:02:54]} 10. Bg5 {[%clk 0:02:42]} h6
{[%clk 0:02:54]} 11. Bh4 {[%clk 0:02:08]} e5 {[%clk 0:02:50]} 12. Nd2
{[%clk 0:01:35]} Qe8 {[%clk 0:02:49]} 13. a3 {[%clk 0:01:29]} Nh5
{[%clk 0:02:49]} 14. Bc2 {[%clk 0:00:52]} Nf4 {[%clk 0:02:49]} 15. b4
{[%clk 0:00:43]} Na6 {[%clk 0:02:50]} 16. Ba4 {[%clk 0:00:39]} Bd7
{[%clk 0:02:51]} 17. Bxd7 {[%clk 0:00:25]} Qxd7 {[%clk 0:02:51]} 18. Rb1
{[%clk 0:00:19]} f5 {[%clk 0:02:42]} 19. Bg3 {[%clk 0:00:14]} Rac8
{[%clk 0:02:24]} 20. exf5 {[%clk 0:00:07]} Rxf5 {[%clk 0:02:13]} 21. Nce4
{[%clk 0:00:08]} b6 {[%clk 0:02:07]} 22. b5 {[%clk 0:00:08]} Nc7 {[%clk 0:02:07]}
23. Re1 {[%clk 0:00:06]} Rcf8 {[%clk 0:02:05]} 24. Re3 {[%clk 0:00:07]} h5
{[%clk 0:02:01]} 25. Bh2 {[%clk 0:00:08]} Bh6 {[%clk 0:01:57]} 26. Rbb3
{[%clk 0:00:09]} Kh7 {[%clk 0:01:37]} 27. a4 {[%clk 0:00:10]} Ne8
{[%clk 0:01:26]} 28. Ra3 {[%clk 0:00:11]} Ng7 {[%clk 0:00:59]} 29. a5
{[%clk 0:00:13]} bxa5 {[%clk 0:01:01]} 30. Rxa5 {[%clk 0:00:13]} R5f7
{[%clk 0:00:34]} 31. Rea3 {[%clk 0:00:14]} Nf5 {[%clk 0:00:27]} 32. f3
{[%clk 0:00:11]} Nd4 {[%clk 0:00:26]} 33. Bxf4 {[%clk 0:00:11]} Bxf4
{[%clk 0:00:26]} 34. Nf1 {[%clk 0:00:10]} Kg7 {[%clk 0:00:09]} 35. Ra6
{[%clk 0:00:11]} Nf5 {[%clk 0:00:08]} 36. Qa1 {[%clk 0:00:10]} Qd8
{[%clk 0:00:04]} 37. Rxa7 {[%clk 0:00:09]} Qh4 {[%clk 0:00:05]} 38. b6
{[%clk 0:00:07]} Ne3 39. Nxe3 {[%clk 0:00:08]} Bxe3+ {[%clk 0:00:00]} 40. Rxe3
{[%clk 0:00:08]} Qf4 {[%clk 0:00:00]} 41. Rea3 {[%clk 0:00:08]} Kh6
{[%clk 0:00:00]} 42. Rxf7 {[%clk 0:00:08]} Rxf7 {[%clk 0:00:00]} 43. Ra7
{[%clk 0:00:08]} Qe3+ {[%clk 0:00:00]} 1-0

[Event "Team Championship Russia (Blitz, Men)"]
[Site "Sochi"]
[Date "2018.10.10"]
[Round "1.32"]
[White "Kryakvin, Dmitry"]
[Black "Dudin, Gleb"]
[Result "1-0"]
[BlackElo "2079"]
[WhiteElo "2468"]
[LiveChessVersion "1.4.8"]

1. d4 {[%clk 0:03:02]} Nf6 {[%clk 0:03:02]} 2. Bg5 {[%clk 0:03:03]} e6
{[%clk 0:03:02]} 3. e4 {[%clk 0:03:04]} d5 {[%clk 0:03:03]} 4. e5
{[%clk 0:03:04]} h6 {[%clk 0:03:04]} 5. Be3 {[%clk 0:03:02]} Nfd7
{[%clk 0:03:03]} 6. c3 {[%clk 0:03:02]} c5 {[%clk 0:02:54]} 7. f4
{[%clk 0:03:03]} Nc6 {[%clk 0:02:49]} 8. Nf3 {[%clk 0:03:03]} cxd4
{[%clk 0:02:33]} 9. cxd4 {[%clk 0:03:02]} Nb6 {[%clk 0:02:33]} 10. Nc3
{[%clk 0:02:53]} Bd7 {[%clk 0:02:33]} 11. Rc1 {[%clk 0:02:46]} Rc8
{[%clk 0:02:25]} 12. Be2 {[%clk 0:02:43]} a6 {[%clk 0:02:23]} 13. O-O
{[%clk 0:02:43]} Be7 {[%clk 0:02:08]} 14. Kh1 {[%clk 0:02:43]} O-O
{[%clk 0:01:47]} 15. Bg1 {[%clk 0:02:37]} Be8 {[%clk 0:01:07]} 16. Bd3
{[%clk 0:02:36]} Nc4 {[%clk 0:00:45]} 17. Qe2 {[%clk 0:02:04]} b5
{[%clk 0:00:35]} 18. f5 {[%clk 0:02:03]} exf5 {[%clk 0:00:25]} 19. Bxf5
{[%clk 0:02:01]} Bd7 {[%clk 0:00:21]} 20. e6 {[%clk 0:01:45]} Bxe6
{[%clk 0:00:15]} 21. Bxe6 {[%clk 0:01:46]} fxe6 {[%clk 0:00:16]} 22. b3
{[%clk 0:01:39]} Nb6 {[%clk 0:00:05]} 23. Qxe6+ {[%clk 0:01:39]} Kh8
{[%clk 0:00:06]} 24. Ne5 {[%clk 0:01:29]} Nxe5 {[%clk 0:00:06]} 25. Rxf8+
{[%clk 0:01:23]} Bxf8 {[%clk 0:00:07]} 26. dxe5 {[%clk 0:01:24]} d4
{[%clk 0:00:07]} 27. Ne2 {[%clk 0:01:22]} Rxc1 28. Nxc1 Nc8 {[%clk 0:00:04]} 29.
Nd3 {[%clk 0:01:22]} Qc7 {[%clk 0:00:03]} 30. Qd5 {[%clk 0:01:16]} Qc2
{[%clk 0:00:03]} 31. Qxd4 {[%clk 0:01:15]} Ne7 {[%clk 0:00:03]} 32. Qd8
{[%clk 0:01:03]} Ng6 {[%clk 0:00:03]} 33. Nf4 {[%clk 0:01:00]} Kh7
{[%clk 0:00:03]} 34. Nxg6 {[%clk 0:01:00]} 1-0

[Event "Team Championship Russia (Blitz, Men)"]
[Site "Sochi"]
[Date "2018.10.10"]
[Round "1.33"]
[White "Chigaev, Maksim"]
[Black "Zhakamukhov, Eduard"]
[Result "1-0"]
[BlackElo "1904"]
[WhiteElo "2616"]
[LiveChessVersion "1.4.8"]

1. e4 c6 2. d4 {[%clk 0:03:00]} d5 {[%clk 0:03:05]} 3. exd5 {[%clk 0:03:01]} cxd5
{[%clk 0:03:07]} 4. Bd3 {[%clk 0:03:02]} Nf6 {[%clk 0:03:08]} 5. c3
{[%clk 0:03:01]} Nc6 {[%clk 0:03:09]} 6. h3 {[%clk 0:03:00]} g6 {[%clk 0:03:05]}
7. Qc2 {[%clk 0:03:01]} Bg7 {[%clk 0:03:06]} 8. Nf3 {[%clk 0:03:01]} O-O
{[%clk 0:03:05]} 9. O-O {[%clk 0:03:01]} Qc7 {[%clk 0:02:58]} 10. Re1
{[%clk 0:02:54]} e6 {[%clk 0:02:59]} 11. Nbd2 {[%clk 0:02:37]} a6
{[%clk 0:02:52]} 12. Nf1 {[%clk 0:02:21]} b5 {[%clk 0:02:48]} 13. a3
{[%clk 0:02:22]} Qb6 {[%clk 0:02:26]} 14. Qe2 {[%clk 0:02:13]} Na5
{[%clk 0:01:59]} 15. Bf4 {[%clk 0:02:11]} Nc4 {[%clk 0:01:58]} 16. Ne3
{[%clk 0:02:02]} a5 {[%clk 0:01:41]} 17. Ne5 {[%clk 0:01:58]} Ba6
{[%clk 0:01:28]} 18. N3g4 {[%clk 0:01:51]} Nxe5 {[%clk 0:01:07]} 19. Nxe5
{[%clk 0:01:44]} Rfc8 {[%clk 0:01:01]} 20. Qf3 {[%clk 0:01:35]} Ra7
{[%clk 0:00:33]} 21. Bg5 {[%clk 0:01:23]} Ne8 {[%clk 0:00:32]} 22. Ng4
{[%clk 0:01:23]} b4 {[%clk 0:00:18]} 23. Bxa6 {[%clk 0:01:05]} Qxa6
{[%clk 0:00:18]} 24. axb4 {[%clk 0:01:05]} Qb6 {[%clk 0:00:11]} 25. bxa5
{[%clk 0:00:39]} Qxb2 {[%clk 0:00:09]} 26. Reb1 {[%clk 0:00:37]} Qc2
{[%clk 0:00:07]} 27. Rc1 {[%clk 0:00:37]} Qb2 {[%clk 0:00:05]} 28. Nh6+
{[%clk 0:00:35]} Bxh6 {[%clk 0:00:05]} 29. Bxh6 {[%clk 0:00:36]} f5
{[%clk 0:00:05]} 30. Qe3 {[%clk 0:00:24]} Ra6 {[%clk 0:00:06]} 31. Rab1
{[%clk 0:00:22]} Qa3 {[%clk 0:00:05]} 32. Rb6 {[%clk 0:00:22]} Rxb6
{[%clk 0:00:06]} 33. axb6 {[%clk 0:00:23]} Qd6 {[%clk 0:00:06]} 34. b7 Rb8 35.
Bf4 {[%clk 0:00:23]} 1-0